|
|
|
|
| LEADER |
01090nam a2200253 a 4500 |
| 001 |
12653407 |
| 008 |
100208s2002 nyua b 001 0 eng d |
| 010 |
|
|
|a 2002019560
|
| 020 |
|
|
|a 0387954422 (alk. paper)
|
| 040 |
|
|
|a DLC
|c DLC
|d DLC
|d DB-DhAAL
|
| 082 |
0 |
0 |
|a 519.5/35
|2 21
|
| 100 |
1 |
|
|a Jolliffe, I. T.
|
| 245 |
1 |
0 |
|a Principal component analysis /
|c I.T. Jolliffe.
|
| 250 |
|
|
|a 2nd ed.
|
| 260 |
|
|
|a New York :
|b Springer,
|c 2002.
|
| 300 |
|
|
|a xxix, 487 p. :
|b ill. ;
|c 24 cm.
|
| 490 |
0 |
|
|a Springer series in statistics
|
| 504 |
|
|
|a Includes bibliographical references (p. [415]-457) and indexes.
|
| 541 |
1 |
|
|e 00019746
|
| 650 |
|
0 |
|a Principal components analysis.
|
| 852 |
4 |
|
|a Ayesha Abed Library
|j General Shelf.
|
| 999 |
|
|
|c 7408
|d 7408
|
| 952 |
|
|
|0 0
|1 0
|2 ddc
|4 0
|6 519_535000000000000_JOL_2002
|7 0
|9 7927
|a BRACUL
|b BRACUL
|c GEN
|d 2010-02-09
|e Karim International
|l 0
|o 519.535 JOL
|p 3010019746
|r 2010-02-09
|t 1
|w 2010-02-09
|y BK
|
| 952 |
|
|
|0 0
|1 0
|2 ddc
|4 0
|6 519_535000000000000_JOL_2002
|7 0
|9 7928
|a BRACUL
|b BRACUL
|c GEN
|d 2010-02-09
|e Karim International
|l 0
|o 519.535 JOL
|p 3010019747
|r 2010-02-09
|t 2
|w 2010-02-09
|y BK
|